Historia de los servicios secretos norteamericanos
محفوظ في:
| المؤلف الرئيسي: | |
|---|---|
| التنسيق: | كتاب |
| اللغة: | الإسبانية |
| منشور في: |
Barcelona, España
Paidós
2002
|
| سلاسل: | Historia Contemporánea,
016 |
| الموضوعات: | |
| الوسوم: |
إضافة وسم
لا توجد وسوم, كن أول من يضع وسما على هذه التسجيلة!
|
MARC
| LEADER | 00000nam a2200000 a 4500 | ||
|---|---|---|---|
| 001 | UCJ1362 | ||
| 003 | CL-VaPUC | ||
| 005 | 20200401164558.0 | ||
| 008 | 061013e20020000SP |||||||||||||||||spa|d | ||
| 999 | |c 317982 |d 317980 | ||
| 020 | |a 8449315492 | ||
| 040 | |c Pontificia Universidad Católica de Valparaíso | ||
| 082 | 0 | 4 | |a 327.7312 JEF 2002 |2 21 |
| 100 | 0 | |a Jeffreys-Jones, Rhodri |e author |9 501993 | |
| 245 | 1 | 0 | |a Historia de los servicios secretos norteamericanos |
| 260 | |a Barcelona, España |b Paidós |c 2002 | ||
| 300 | |a 392 páginas | ||
| 490 | 0 | |a Historia Contemporánea, |v 016 | |
| 583 | |a last modification |c 20061013 00:00:00 |k Rodrigo Vera | ||
| 650 | 7 | |a ESPIONAJE |2 CL-VaPUC |9 381854 |z ESTADOS UNIDOS | |
| 650 | 7 | |a SISTEMAS POLITICOS |2 CL-VaPUC |9 501994 |z ESTADOS UNIDOS | |
| 650 | 7 | |a DELITOS CONTRA LA PAZ |2 CL-VaPUC |9 259258 |z ESTADOS UNIDOS | |
| 650 | 7 | |a DELITOS POLITICOS |2 CL-VaPUC |9 256092 |z ESTADOS UNIDOS | |
| 942 | |c BK |2 ddc | ||
| 945 | |d 20061013 00:00:00 |a jtorresc | ||
| 952 | |0 0 |1 0 |2 ddc |4 0 |6 327_731200000000000_JEF_2002 |7 0 |8 A |9 395121 |a BIBHIS |b BIBHIS |d 2019-11-22 |i 4262115 |o 327.7312 JEF 2002 |p 4262115 |r 2025-01-20 |t 1 |w 2019-11-22 |y BK |k HIS | ||